000 00881nam2a2200205 4500
001 RU\NLR\PER_A\002841686_000350
005 20250624020024.0
035 _a(NLR Aleph) 012333877
090 _a11486526
_c11486526
100 _a20200914d2020 |||y0rusy50 ca
101 0 _arus
102 _aRU
200 0 _a2020, № 2
210 _d2020
_aБ. м.
461 0 _1001RU\NLR\Per\580366
_12001#$aМосковский адвокат$eнаучно-практическое и информационное издание$fИзд. группа "Юрист"$v2020, № 2
_92936588
_cМосква
_d2003 -
_fИзд. группа "Юрист"
_nЮрист
_oнаучно-практическое и информационное издание
_tМосковский адвокат
_x2500-0322
_v2020, № 2
852 _aNLR
_jП23/7140
942 _cISSUE
980 _aNB
980 _aRUSPER